000
00308nam a2200121Ia 4500
008
201216s9999 xx 000 0 und d
100
_a
Carlisle, Richard
245
0
_a
(The) Illustrated Encyclopaedia of Mankind
260
_a
New York
_b
Marshal Cavendish
300
_a
2277
490
_v
Vol. 17
942
_c
BK
999
_c
6562
_d
6562